00270nam a2200109Ia 4500008004100000041001200041082001100053100002000064245006400084260000600148650000600154221030s9999 xx 000 0 und d aEnglish a105.23 aA. S. Tanenbaum 0aOperating System Design & Implemetationcby A. S. Tanenbaum c0 aB